| 000 | 00352nam a2200145Ia 4500 | ||
|---|---|---|---|
| 008 | 220204s9999 xx 000 0 und d | ||
| 082 |
_aNR:62:678.06 _bSTE |
||
| 100 | _aDonald, M B | ||
| 245 | 0 | _aRubber in chemical engineering | |
| 250 | _aEd.2 | ||
| 260 |
_aLondon _bBRDB _c1949 |
||
| 650 | _aRubber engineering | ||
| 700 | _aStevens | ||
| 942 | _cBK | ||
| 999 |
_c20174 _d20174 |
||